Impuesto a la circulación económica. Sellos (Registro nro. 1046)

Detalles MARC
000 -LEADER
fixed length control field 00880 a2200217 4500
001 - CONTROL NUMBER
control field 22695
005 - DATE AND TIME OF LATEST TRANSACTION
control field 20260407155517.0
008 - FIXED-LENGTH DATA ELEMENTS--GENERAL INFORMATION
fixed length control field 260407a1981 arg spa d
003 - CONTROL NUMBER IDENTIFIER
control field AR-UNSa-BCEJYS
040 ## - CATALOGING SOURCE
Original cataloging agency AR-UNSa-BCEJYS
Language of cataloging spa
Transcribing agency AR-UNSa-BCEJYS
080 ## - UNIVERSAL DECIMAL CLASSIFICATION NUMBER
Universal Decimal Classification number 336.226.2
Common auxiliary subdivision Impuestos sobre las propiedades (Impuestos de sellos)<br/>
020 ## - INTERNATIONAL STANDARD BOOK NUMBER
International Standard Book Number 950-14-0004-2
100 1# - MAIN ENTRY--PERSONAL NAME
Personal name Giuliani Fonrouge, Carlos M.
245 10 - TITLE STATEMENT
Title Impuesto a la circulación económica. Sellos
Name of part/section of a work Textos ordenados 1981 de la ley 22.364 y reglamentos. Comentarios.Doctrina.Jurisprudencia.
264 #1 - PRODUCTION, PUBLICATION, DISTRIBUTION, MANUFACTURE, AND COPYRIGHT NOTICE
Place of production, publication, distribution, manufacture Buenos Aires :
Name of producer, publisher, distributor, manufacturer Depalma
Date of production, publication, distribution, manufacture, or copyright notice 1981
300 ## - PHYSICAL DESCRIPTION
Extent 420 p.
Dimensions 23 cm.
505 ## - FORMATTED CONTENTS NOTE
Formatted contents note 1. Disposiciones generales - 2. Instrumentos públicos y privados - 3. Operaciones menores - 4. Excenciones - 5. Otras disposiciones.
590 ## - LOCAL NOTE (RLIN)
Local note niveau_biblio:m niveau_hierar:0
700 1# - ADDED ENTRY--PERSONAL NAME
Personal name Navarrine, Susana Camila
942 ## - ADDED ENTRY ELEMENTS (KOHA)
Koha item type
Existencias
Withdrawn status Lost status Damaged status Not for loan Home library Current library Shelving location Date acquired Total checkouts Full call number Barcode Date last seen Price effective from Koha item type
        Biblioteca Prof. Eusebio Cleto del Rey Biblioteca Prof. Eusebio Cleto del Rey   07/04/2026   336.226.2 G537i L44138 07/04/2026 07/04/2026 Libro